000
00335nam a2200145Ia 4500
008
230718s9999 xx 000 0 und d
041
_a
Eng.
082
_a
891.93
_b
MEH-D
100
_a
Mehmood Zafar
245
0
_a
dairoo k darmiyan
260
_a
Pakistan
_b
Jamhori Publications
_c
2017
300
_a
197
650
_a
Law
999
_c
31577
_d
31577